| 000 | 01988nam a2200385 a 4500 | ||
|---|---|---|---|
| 003 | BLK | ||
| 005 | 20250617145603.0 | ||
| 008 | 180411b bul|||||r ||||||| ||bul|| | ||
| 020 | _a978-954-09-0302-6 | ||
| 040 | _aBLK | ||
| 041 |
_aBUL _cBUL |
||
| 080 |
_aБългарска литература _b821.163.2 _x-94 _z821.163.2-94 |
||
| 080 |
_aНационалнореволюционно движение през 70-те години _b94(497.2)"187..." _x(093.3) _z94(497.2)"187..."(093.3) |
||
| 100 |
_aСтоянов, Захарий _gСтоянов, Захари _d1850-1889 _qДжедев, Джендо Стоянов _9364101 |
||
| 245 | 1 | 0 |
_aЗаписки по българските въстания _bКн. 1 - 2 _cЗахарий Стоянов; състав. и бел. Тодор Ташев. _nКн. 2 |
| 257 | _aBGR | ||
| 260 |
_c2016 _fСофия : Д. Благоев _9209473 _aСофия _bЗахарий Стоянов |
||
| 300 |
_a503 с. _c22 см |
||
| 380 | _aX | ||
| 500 | _aЗахари Стоянов - псевд. на Джендо Стоянов Джедев. - - 1. изд. 1884-1892 в 3 т., изд. на Областна печ. - Пловдив, печ. Л. Каравелов и сие - Русе и Ан. Стоянова. | ||
| 650 | 4 |
_aНационалноосвободително движение - България - извори _9265324 |
|
| 651 | 4 |
_aБългария _9241624 |
|
| 653 | _aнационалноосвободителни движения | ||
| 653 | _aАприлско въстание | ||
| 653 | _aбългарска история | ||
| 653 | _aспомени | ||
| 700 |
_aТашев, Тодор Лазаров _eсъстав. и бел. _9256017 |
||
| 852 | _aЦб 283276 | ||
| 856 | 4 | _qpdf | |
| 856 | 4 | _qpdf | |
| 942 |
_cKNG _n0 _08 |
||
| 944 |
_aCR _c23.11.2016 _lЦветелина Шанова _k30531 |
||
| 944 |
_aED _c2023-07-24 _kГГГ |
||
| 999 |
_c187684 _d187684 |
||